Влияние добавок переходных металлов на микротвёрдость титана; Сборник научных трудов Томского инженерно-строительного института; Т. 21

Bibliografski detalji
Parent link:Сборник научных трудов Томского инженерно-строительного института
Т. 21.— 1973.— С. 27-34
Glavni autor: Черкашин А. И.
Daljnji autori: Кащук В. А.
Jezik:ruski
Izdano: 1973
Teme:
Format: Poglavlje knjige
KOHA link:https://koha.lib.tpu.ru/cgi-bin/koha/opac-detail.pl?biblionumber=594608

MARC

LEADER 00000naa0a2200000 4500
001 594608
005 20250211160612.0
035 |a (RuTPU)RU\TPU\tpu\11302 
090 |a 594608 
100 |a 20030902d1973 k||y0rusy50 ca 
101 0 |a rus 
102 |a RU 
200 1 |a Влияние добавок переходных металлов на микротвёрдость титана  |f А. И. Черкашин, В. А. Кащук 
320 |a Библиогр.: 13 назв. 
461 |t Сборник научных трудов Томского инженерно-строительного института 
463 |t Т. 21  |v С. 27-34  |d 1973 
610 1 |a добавки 
610 1 |a переходные металлы 
610 1 |a титан 
610 1 |a микротвердость 
610 1 |a труды учёных ТПУ 
700 1 |a Черкашин  |b А. И. 
701 1 |a Кащук  |b В. А. 
801 1 |a RU  |b 63413507  |c 20030902  |g PSBO 
801 2 |a RU  |b 63413507  |c 20100311  |g PSBO 
942 |c CR